Postaw na milion 120 - Statystyki

Ogólne statystyki
  • Ten quiz został rozwiązany 19 razy
  • Średni wynik to 6 z 13
Statystyki odpowiedzi
Zagadnienie Odpowiedź % Poprawnych
Który z tych kolorów nie pojawia się w tęczy? biały
95%
O co w XIX i XX wieku konkurowały liniowce pasażerskie, starając się w jak najkrótszym czasie przepłynąć Atlantyk? Błękitną Wstęgę
84%
Co w wierszu dla dzieci Juliana Tuwima zasadził dziadek w ogrodzie? rzepkę
84%
Jakie przetwory przygotowuje się najczęściej w polskich domach wg badania TNS Polska z 2014 roku? ogórki kiszone
68%
Która roślina nie zalicza się do roślin strączkowych? sezam indyjski
53%
Jak z jidysz nazwano dowcip lub skecz, zwykle o tematyce żydowskiej? szmonces
53%
Która z tych wysp leży bliżej Polski? Wyspa Wielkanocna
42%
Portal podróżniczy Trip Advisor za największą atrakcję turystyczną świata uznał w 2015 roku świątynie Angkor Wat. Co znalazło się na drugim miejscu? Machu Picchu
32%
Który z filmów Andrzeja Wajdy nie powstał w Drohiczynie? Wesele
32%
Magazyn motoryzacyjny BBC "Top Gear" ma od 2015 roku nowego prowadzącego, bo jego poprzednik, popularny Jeremy Clarkson: zwolniono go dyscyplinarnie
26%
W którym swoim filmie Quentin Tarantino nie pokazał się na ekranie jako aktor? Kill Bill
16%
W mundurach której służby MSW najrzadziej spotkamy kobietę? Państwowej Straży Pożarnej
16%
Który papież jako pierwszy został Człowiekiem Roku tygodnika Time? Jan XXIII
11%
Nie znaleziono quizów pasujących do podanych kryteriów
Rozkład punktacji
Procent ludzi z każdym wynikiem
Percentyl według liczby udzielonych odpowiedzi
Twoja historia wyników
Nie rozwiązałeś tego quizu